| 000 | 01753cam a22004454i 4500 | ||
|---|---|---|---|
| 003 | PE-LiUPU | ||
| 005 | 20250731173013.0 | ||
| 008 | 150623s r 000 0 d | ||
| 035 | _a(Sirsi) a23059 | ||
| 040 |
_aPE-LiUPU _bspa _cPE-LiUPU _erda |
||
| 110 | 2 | _aInstituto Ecumenico de Pos-Graduacao en Ciencias de Religiao | |
| 245 | 1 | 0 | _aBibliografía bíblica latino-americana 1988. |
| 264 | 1 |
_aSao Paulo, Brasil : _bImprensa Metodista, _c1988. |
|
| 300 |
_a240 páginas ; _c21 cm. |
||
| 336 |
_atext _2rdacontent |
||
| 337 |
_aunmediated _2rdamedia |
||
| 338 |
_avolume _2rdacarrier |
||
| 490 | 0 |
_aPrograma Ecumenico de Pos-Graduacao en Ciencias de Religiao ; _v1 |
|
| 505 | 0 | _aBibliografía bíblica latino-americana 1988. | |
| 526 | _aSEG42 | ||
| 526 | _aSEG41 | ||
| 526 | _aSEG40 | ||
| 526 | _aSEG39 | ||
| 526 | _aP94 | ||
| 526 | _aP87 | ||
| 526 | _aP86 | ||
| 526 | _aP85 | ||
| 526 | _aP77 | ||
| 526 | _aP76 | ||
| 526 | _aP35 | ||
| 630 |
_aBiblia _zAmérica latina _xBibliografías. |
||
| 942 |
_2ddc _cBOOK |
||
| 949 |
_a220.075 E 1988 _wDEWEY _c1 _i36420 _lCCODEBUL1 _mBUL _p00.00 _r0 _sY _tBOOK _u2015-06-24 _xBIBLIOTECA _zUNKNOWN _0COMPRA _o.STAFF. Colección General |
||
| 949 |
_a220.075 E 1988 _wDEWEY _c2 _i47118 _lCCODEBUL1 _mBUL _p00.00 _r0 _sY _tBOOK _u2015-06-24 _xTEOLOGIA _PP35 _0COMPRA _o.STAFF. Colección General |
||
| 596 | _a1 | ||
| 999 |
_a220.075 E 1988 _wDEWEY _c23694 _i36420 _f2021-11-9 _g5 _lCCODEBUL1 _mBUL _r0 _sY _tBOOK _u2015-6-24 _xTEOLOGIA _zUNKNOWN _0COMPRA _o.STAFF. Colección General _d23694 |
||
| 999 |
_a220.075 E 1988 _wDEWEY _c2 _i47118 _f2021-11-9 _g5 _lCCODEBUL1 _mBUL _r0 _sY _tBOOK _u2015-6-24 _xTEOLOGIA _PP35 _0COMPRA _o.STAFF. Colección General |
||
| 980 |
_81 _gALBERTO SANCHEZ Responsable de Automatización |
||